Estatísticas para Times por Escudo - Brasileirão Serie D 2023

Clique aqui para jogar o quiz

Estatísticas Gerais

  • Esse quiz foi jogado 221 vezes
  • A pontuação média é 25 de 64

Estatísticas das Respostas

Resposta% Correto
Santo André
92%
Brasiliense
84%
Brasil de Pelotas
81%
Santa Cruz
78%
Ferroviária
77%
Caxias
72%
Ferroviário
72%
Maringá
72%
ASA
70%
Nova Iguaçu
69%
Retrô
65%
Resende
59%
Sergipe
57%
CRAC
54%
FC Cascavel
54%
Globo
54%
Inter de Limeira
54%
Bahia de Feira
53%
Fluminense PI
53%
Athletic
51%
Portuguesa RJ
50%
Sousa
49%
Aimoré
48%
Cruzeiro AL
44%
Tuna Luso
44%
Patrocinense
41%
Águia de Marabá
39%
São Raimundo
38%
Trem
38%
Iguatu
37%
Jacuipense
37%
Nacional
36%
Novo Hamburgo
35%
Operário VG
35%
Operário MS
34%
Caucaia
32%
Atlético CE
31%
Real Noroeste
29%
Falcon
28%
Humaitá
27%
Maranhão
27%
Pacajus
27%
Ceilândia
25%
Concórdia
25%
Princesa de Solimões
25%
São Joseense
23%
Vitória ES
23%
Camboriú
22%
Parnahyba
21%
Potiguar de Mossoró
20%
Democrata
18%
Anápolis
16%
União Rondonópolis
16%
Atlético BA
15%
Real Ariquemes
15%
São Francisco
15%
Interporto
14%
Iporá
14%
Tocantinópolis
13%
Nacional de Patos
9%
Hercílio Luz
7%
Cordino
6%
XV de Piracicaba
6%
Campinense
5%

Distribuição das Pontuações

Percentil de Números Respondidos

Porcentagem de Pessoas com Cada Pontuação

Sua Pontuação Histórica

Você não jogou esse quiz